000 00591nam a22001577a 4500
005 20120425111451.0
020 _a818680355
_c650.00
035 _aB-27401
037 _aDPL
_bENG
245 _aCoalition politics in India :
_bSearch for political stability /
_cedited by D. Sundar Ram
260 _aJaipur
_bNational Publishing House
_c2000
300 _aix, 359p.
_c20 cms.
700 _aRam, D. Sundar
_945713
942 _2ddc
_cEN
_h320.954
_mSUN
999 _c65598
_d65598